| 000 | 00520nam a22001697a 4500 | ||
|---|---|---|---|
| 003 | OSt | ||
| 005 | 20140310181715.0 | ||
| 008 | 121214t xxu||||| |||| 00| 0 eng d | ||
| 050 |
_aHM 101 _b.C778 1996 |
||
| 082 |
_aFIL 303.69 _bAg93 1996 |
||
| 245 |
_aCooperation and conflict in global society / _cedited by Carmencita T. Aguilar. |
||
| 260 |
_a[Manila] : _bInternetional Federation of Social Science Organizations, _c1996. |
||
| 300 |
_a249 p. ; _c 23 cm. |
||
| 650 | _aSociology | ||
| 942 |
_2lcc _cBK |
||
| 999 |
_c1724 _d1724 |
||